000 nam a22 7a 4500
999 _c9627
_d9627
008 180205b ||||| |||| 00| 0 eng d
100 _aBijlani,R.
_95755
245 _aKavya makes up her Maid
260 _aNew Delhi
_bNBT
_c2014